| 000 | 02549nam0a2200457 4500 | ||
|---|---|---|---|
| 001 | RU\NLR\bibl\828884 | ||
| 005 | 20260407073732.0 | ||
| 010 |
_a5-7205-0611-X _91000 |
||
| 021 |
_aRU _b2005-17929 _9913 |
||
| 035 | _aRSL-KNO-002591609 | ||
| 035 | _a(NLR Aleph) 000817761 | ||
| 090 |
_a1281637 _c1281637 |
||
| 100 | _a20050418d2005 |||y0rusy50 ca | ||
| 101 | 0 | _arus | |
| 102 | _aRU | ||
| 105 | _ay ||||||||| | ||
| 106 | _ar | ||
| 200 | 1 |
_aКомментарий к Федеральному закону от 10 января 2002 года № 1-ФЗ "Об электронной цифровой подписи" _e(постатейный) _fЕ. В. Ильиных, М. Н. Козлова |
|
| 210 |
_aМ. _cЮстицинформ _d2005 |
||
| 215 |
_a80 с. _d21 |
||
| 225 | 1 | _aКомментарий специалиста | |
| 225 | 1 | _aБиблиотека журнала "Право и экономика" | |
| 300 | _aНа обл.: Об электронной цифровой подписи: постатейн. коммент. к Федер. закону | ||
| 512 | 1 |
_6z22790 _aОб электронной цифровой подписи _eпостатейный комментарий к Федеральному закону |
|
| 606 | 0 |
_aЭлектронная цифровая подпись _jЗаконодательные материалы _jКомментарии _xИспользование _xПравовое регулирование _yРоссийская Федерация _92265794 _3RU\NLR\auth\661358282 |
|
| 610 | 0 | _aГосударство и право. Юридические науки -- Гражданское право -- Российская Федерация -- Сделки -- Комментарий к закону | |
| 686 |
_aХ623.041.12-328.1"2002"2 _2rubbk |
||
| 686 | _aХ62-39(2Р)ф | ||
| 700 | 1 |
_aИльиных _bЕ. В. _gЕкатерина Валерьевна _4070 |
|
| 701 | 1 |
_4070 _7ca _8rus _aКозлова _bМ. Н. _cюрист _gМария Николаевна _925681 _3RU\NLR\auth\7742738 |
|
| 742 | 1 |
_aРоссийская Федерация _tЗаконы _9277893 _3RU\NLR\AUTH\883331 |
|
| 790 | 1 |
_6z22 _aИльиных _bЕ. В. _gЕкатерина Валерьевна _4070 |
|
| 790 | 1 |
_6z22 _aКозлова _bМ. Н. _gМария Николаевна _4070 |
|
| 801 | 0 |
_aRU _bRuMoRKP _c20050418 _grcr |
|
| 801 | 1 |
_aRU _bRuMoRGB _c20050418 |
|
| 801 | 2 |
_aRU _bNLR _c20050808 _gPSBO |
|
| 830 | _aавт. по кн. | ||
| 942 | _cBOOK | ||
| 980 | _aNB | ||